00945nam a22001817a 4500003000900000008004100009040007100050082001800121100002000139245024600159260004100405300002600446505019800472650002900670650003500699650001000734650001900744AR-CdUCM190312b ||||| |||| 00| 0 spa d aMUNICIPALIDAD PROVINCIAL DEL CUSCOcBIBLIOTECA MUNICIPAL DEL CUSCO a394.26 /bT17 aTapia, Fernando aLa patrona del pueblo :bCrónicas de una festividad religiosa católica, costumbrista y folklórica, que se desarrolla anualmente en la ciudad de Ayaviri, capital de la provincia de Melgar, entre los días 5 al 16 del mes de setiembre / aLima :bImpr. Lit. Salesiana,c1970. a139 paginas :c21 cm. aContenido :Primera parte: Antecedentes históricos -- Propagación del catolicismo --Templos catolicos --Parroquia ¨San Francisco de Asis¨--Monumento nacional -- Culto a la virgen Maria ... aVirgen de la Alta Gracia aFestividades religiosas Perú aCulto aAyaviri (Puno)